| 000 | 01489nam a22002894c 4500 | ||
|---|---|---|---|
| 003 | AR-BaSMT | ||
| 008 | 250828b2023 agabc|gr|||| 000 0aspa d | ||
| 020 | _a9786319000665 | ||
| 040 |
_aBSGB _bespañol _cBSGB _erda |
||
| 041 | 1 |
_aeng _hinglés |
|
| 080 | _a82-94 | ||
| 100 | 1 |
_aIlibagiza, Immaculée _9421 |
|
| 245 | 1 | 0 |
_aSobrevivir para contarlo _b: Cómo descubrí a Dios en medio del holocausto en Ruanda |
| 250 | _aPrimera edición | ||
| 264 |
_aRosario : _bÁncora , _c2023 |
||
| 300 |
_a400 páginas ; _bilustraciones color |
||
| 336 |
_2rdacontent _atexto _btxt |
||
| 337 |
_2rdamedia _asin mediación _bn |
||
| 338 |
_2rdacarrier _avolumen _bnc |
||
| 490 | _aBiografías : | ||
| 520 | _aEl pequeño país de Ruanda, ubicado en África Central, es hoy mundialmente conocido por una sola razón: el terrible genocidio de 1994, que se llevó la vida de más de un millón de inocentes y dejó la tierra bañada en sangre y reducida a cenizas. En medio del horror y la desesperación en la que se vieron sumidos Hutus y Tutsis -las dos tribus implicadas en el genocidio-, la historia de Immaculée, que permaneció escondida en un baño minúsculo durante 91 días, emerge no sólo como un relato extraordinario de supervivencia, sino como un testimonio superador lleno de fe, de esperanza y de reconciliación. | ||
| 521 | _aSecundaria | ||
| 650 | 7 |
_9256 _aBIOGRAFÍAS _zRuanda |
|
| 700 |
_aMiniño, Adriana _eTraducción _9422 |
||
| 942 |
_2udc _aBOOK |
||
| 999 |
_c589 _d589 |
||